000 nam a22 7a 4500
999 _c10116
_d10116
008 180212b ||||| |||| 00| 0 eng d
100 _aGupta, A D
_96134
245 _aJunior mathematics class - 5
260 _aNew delhi
_bBharati publication
_c2010